[Event "Warsaw YMCA Spring-D 170th"]
[Site "Warsaw"]
[Date "2016.04.28"]
[Round "4"]
[White "Kaluzynski, Waldemar"]
[Black "Budrewicz, Henryk"]
[Result "1-0"]
[WhiteElo "1566"]
[BlackElo "1461"]
[PlyCount "67"]
[EventDate "2016.04.05"]
[EventType "tourn"]
[EventRounds "13"]
[EventCountry "POL"]
[SourceTitle "EXT 2019"]
[Source "ChessBase"]
[SourceDate "2018.10.10"]
[SourceVersion "1"]
[SourceVersionDate "2018.10.10"]
[SourceQuality "1"]

1. g3 c6 2. Bg2 d6 3. Nf3 Qc7 4. 0-0 e5 5. d3 Nf6 6. c4 Be7 7. Nc3 0-0 8. h3 Rd8 9. Bd2 Nbd7 10. Rb1 a5 11. a3 Nf8 12. b4 axb4 13. axb4 Ne6 14. b5 d5 15. b6 Qb8 16. cxd5 cxd5 17. Qb3 Ra3 18. Qb2 Bd7 19. Nb5 Bxb5 20. Qxb5 e4 21. Nh4 Ne8 22. Nf5 Bf8 23. Bb4 Bxb4 24. Qxb4 Ra2 25. dxe4 dxe4 26. Qxe4 Rdd2 27. Qxb7 Qxb7 28. Bxb7 Rab2 29. Bf3 Rxb1 30. Rxb1 Rd8 31. b7 Rb8 32. Ne7+ Kf8 33. Nc6 Rxb7 34. Rxb7 1-0

[Event "Warsaw YMCA Autumn-D 158th"]
[Site "Warsaw"]
[Date "2015.09.29"]
[Round "2"]
[White "Budrewicz, Henryk"]
[Black "Kaluzynski, Waldemar"]
[Result "0-1"]
[WhiteElo "1540"]
[BlackElo "1449"]
[PlyCount "82"]
[EventDate "2015.09.22"]
[EventType "tourn"]
[EventRounds "13"]
[EventCountry "POL"]
[SourceTitle "EXT 2019"]
[Source "ChessBase"]
[SourceDate "2018.10.10"]
[SourceVersion "1"]
[SourceVersionDate "2018.10.10"]
[SourceQuality "1"]

1. d4 e6 2. Bf4 Nf6 3. Nf3 d5 4. e3 c5 5. c3 Nc6 6. Bd3 Be7 7. h3 a6 8. Nbd2 0-0 9. a4 Bd7 10. Ne5 Rc8 11. g4 cxd4 12. exd4 Ne8 13. Ndf3 f6 14. Nxd7 Qxd7 15. h4 Nd6 16. Qe2 f5 17. Ne5 Nxe5 18. dxe5 Ne4 19. g5 Qc7 20. 0-0 Bc5 21. Kg2 Bb6 22. Rac1 Nc5 23. Bc2 Qd7 24. b3 Ne4 25. Bxe4 fxe4 26. Be3 Bxe3 27. fxe3 Qc7 28. Rxf8+ Rxf8 29. c4 Qxe5 30. Rd1 Rf3 31. Qe1 Qf5 32. Rd2 Qh3+ 33. Kg1 Rg3+ 34. Qxg3 Qxg3+ 35. Rg2 Qxe3+ 36. Kh2 Qxb3 37. h5 Qxc4 38. g6 hxg6 39. hxg6 e3 40. a5 e2 41. Kh3 e1Q 0-1

[Event "Warsaw YMCA Autumn-D 158th"]
[Site "Warsaw"]
[Date "2015.09.22"]
[Round "1"]
[White "Sloniewski, Michal"]
[Black "Kaluzynski, Waldemar"]
[Result "1-0"]
[WhiteElo "1412"]
[BlackElo "1449"]
[PlyCount "133"]
[EventDate "2015.09.22"]
[EventType "tourn"]
[EventRounds "13"]
[EventCountry "POL"]
[SourceTitle "EXT 2019"]
[Source "ChessBase"]
[SourceDate "2018.10.10"]
[SourceVersion "1"]
[SourceVersionDate "2018.10.10"]
[SourceQuality "1"]

1. c4 e5 2. g3 Nf6 3. Bg2 Bc5 4. Nf3 d6 5. Nc3 0-0 6. d3 h6 7. 0-0 c6 8. a3 a5 9. Bd2 Be6 10. Qc2 Qd7 11. Rfd1 Bh3 12. Bh1 Na6 13. Na4 b6 14. Nxc5 Nxc5 15. b4 axb4 16. axb4 Ne6 17. c5 bxc5 18. bxc5 Bg4 19. cxd6 Qxd6 20. Rdc1 Bxf3 21. Bxf3 Nd4 22. Qc4 Nd5 23. Bg4 Rxa1 24. Rxa1 Rb8 25. Bc3 Nxc3 26. Qxc3 f5 27. Bf3 Nxf3+ 28. exf3 Qd5 29. Re1 Re8 30. d4 e4 31. fxe4 Rxe4 32. Rxe4 Qxe4 33. Qe3 Kf7 34. Kf1 Ke6 35. Qb3+ Kd6 36. Qb4+ Ke6 37. Qb3+ Kf6 38. Qe3 Qh1+ 39. Ke2 Qxh2 40. Qf3 Qh3 41. Qxc6+ Kg5 42. f4+ Kh5 43. Qf3+ Kg6 44. d5 Qg4 45. Qxg4+ fxg4 46. Ke3 Kf5 47. Kd4 h5 48. d6 Ke6 49. f5+ Kxd6 50. Ke4 Ke7 51. Ke3 Kf6 52. Kf4 g5+ 53. fxg6 Kxg6 54. Ke3 Kg5 55. Kf2 Kf5 56. Ke3 Ke5 57. Kd3 Kd5 58. Ke3 Kc4 59. Kf4 Kd3 60. Kg5 Ke3 61. Kxh5 Kf3 62. Kh4 Ke4 63. Kxg4 Ke5 64. Kg5 Ke6 65. Kg6 Ke7 66. Kg7 Ke8 67. g4 1-0